书目信息 |
| 题名: |
汽车发动机常见故障及检修
|
|
| 作者: | 谭丕强 主编 | |
| 分册: | ||
| 出版信息: | 上海 上海科学技术文献出版社 2016 |
|
| 页数: | 230页 | |
| 开本: | 24cm | |
| 丛书名: | ||
| 单 册: | ||
| 中图分类: | U464.03 , U472.43 , U472.43 | |
| 科图分类: | ||
| 主题词: | 汽车--发动机--构造 , 汽车--发动机--检修 , 公路运输 | |
| 电子资源: | ||
| ISBN: | 978-7-5439-6964-3 | |
| 000 | 00973nam0 2200277 450 | |
| 001 | 1132 | |
| 005 | 20161008084312.84 | |
| 010 | @a978-7-5439-6964-3@b平装@dCNY59.80 | |
| 100 | @a20160620d2016 em y0chiy50 ea | |
| 101 | 0 | @achi |
| 102 | @aCN@b310000 | |
| 105 | @aa z 000yy | |
| 200 | 1 | @a汽车发动机常见故障及检修@9qi che fa dong ji chang jian gu zhang ji jian xiu@f谭丕强主编 |
| 210 | @a上海@c上海科学技术文献出版社@d2016 | |
| 215 | @a230页@c图@d24cm | |
| 300 | @a合众汽车馆/吴光强总主编 | |
| 330 | @a本书系统介绍了汽车发动机的构造和维修基础、曲柄连杆机构、配气机构、燃油喷射系统、燃油供给系统、发动机进排气系统、发动机冷却系统和润滑系统、发动机的拆装与检验等内容。 | |
| 606 | 0 | @a汽车@x发动机@x构造 |
| 606 | 0 | @a汽车@x发动机@x检修 |
| 606 | 0 | @a公路运输 |
| 690 | @aU464.03@v5 | |
| 690 | @aU472.43@v5 | |
| 690 | @aU472.43@v4 | |
| 701 | 0 | @a谭丕强@9tan pi qiang@f(1974~)@4主编 |
| 801 | 0 | @aCN@b唐山师范学院图书馆@c20160830 |
| 905 | @aZUCC@dU464.03@e338 | |
| 汽车发动机常见故障及检修/谭丕强主编.-上海:上海科学技术文献出版社,2016 |
| 230页:图;24cm |
| 合众汽车馆/吴光强总主编 |
| ISBN 978-7-5439-6964-3(平装):CNY59.80 |
| 本书系统介绍了汽车发动机的构造和维修基础、曲柄连杆机构、配气机构、燃油喷射系统、燃油供给系统、发动机进排气系统、发动机冷却系统和润滑系统、发动机的拆装与检验等内容。 |
| ● |
| 相关链接 |
|
|
|
|
正题名:汽车发动机常见故障及检修
索取号:U464.03/338
 
预约/预借
| 序号 | 登录号 | 条形码 | 馆藏地/架位号 | 状态 | 备注 |
| 1 | 907048 | 209070486 | 第二样本阅览室/ [索取号:U464.03/338] | 在馆 | |
| 2 | 907049 | 209070495 | 密集书库-物理学院/ [索取号:U464.03/338] | 在馆 | |
| 3 | 907050 | 209070501 | 第三借阅区/ [索取号:U464.03/338] | 在馆 | |
| 4 | 907051 | 209070510 | 第三借阅区/ [索取号:U464.03/338] | 在馆 | |
| 5 | 907052 | 209070529 | 第三借阅区/ [索取号:U464.03/338] | 在馆 |